[Event "Clasificatorio al Mayor 2012"]
[Site "Asuncion"]
[Date "2012.04.14"]
[Round "2.1"]
[White "Diaz, Fernando"]
[Black "Apuril, Jose"]
[Result "1/2-1/2"]
[WhiteElo "2035"]
[BlackElo "1891"]
[PlyCount "105"]
[EventDate "2012.04.13"]

1. e4 c5 2. c3 Nc6 3. d4 cxd4 4. cxd4 e5 5. d5 Nce7 6. Nc3 Ng6 7. Nf3 Bc5 8. h4
d6 9. h5 N6e7 10. Bb5+ Bd7 11. Bxd7+ Qxd7 12. Bg5 h6 13. Bh4 a6 14. Rc1 f5 15.
exf5 Qxf5 16. Qa4+ Kf7 17. Rh3 Nf6 18. Bxf6 gxf6 19. g4 b5 20. gxf5 bxa4 21.
Nh4 Rhc8 22. Ke2 Bd4 23. Kd2 Bxf2 24. Ng6 Rab8 25. Nxa4 Rxc1 26. Kxc1 Nxd5 27.
Rd3 Bd4 28. Nc3 Nb4 29. Rd1 Rc8 30. Kb1 Rb8 31. Ne4 Rb6 32. Rd2 d5 33. Nc3 Rd6
34. Ne2 Be3 35. Rd1 d4 36. a3 Nc6 37. Nc3 Na5 38. Ne4 Rb6 39. b4 Nc4 40. Ka2
Nd6 41. Nxd6+ Rxd6 42. Kb3 Bg5 43. Kc4 Rc6+ 44. Kd5 Rc3 45. Ke4 Rxa3 46. Rb1
Re3+ 47. Kd5 Rc3 48. b5 axb5 49. Rxb5 d3 50. Rb7+ Ke8 51. Kd6 Kd8 52. Ne7 Ke8
53. Ng6 1/2-1/2

[Event "Clasificatorio al Mayor 2012"]
[Site "Asuncion"]
[Date "2012.04.14"]
[Round "2.2"]
[White "Morales, Ever"]
[Black "Cubilla, Walter"]
[Result "1-0"]
[WhiteElo "1954"]
[BlackElo "1862"]
[PlyCount "47"]
[EventDate "2012.04.13"]

1. e4 e5 2. Nf3 Nc6 3. Bb5 a6 4. Ba4 b5 5. Bb3 Bc5 6. c3 d6 7. d4 exd4 8. cxd4
Bb4+ 9. Nc3 Nf6 10. O-O O-O 11. Bg5 Bxc3 12. bxc3 Bg4 13. Qd3 h6 14. Bh4 g5 15.
Nxg5 hxg5 16. Bxg5 Kg7 17. Qg3 Qd7 18. f3 Nh7 19. Bd2 Nf6 20. fxg4 Nxe4 21. Qf4
d5 22. Qh6+ Kg8 23. Rf5 Qe6 24. Bxd5 1-0

[Event "Clasificatorio al Mayor 2012"]
[Site "Asuncion"]
[Date "2012.04.14"]
[Round "2.3"]
[White "Lopez, Fernando"]
[Black "Heinechen, John"]
[Result "1/2-1/2"]
[WhiteElo "1949"]
[BlackElo "1814"]
[PlyCount "108"]
[EventDate "2012.04.13"]

1. d4 Nf6 2. e3 g6 3. Nf3 Bg7 4. b3 O-O 5. Bb2 d6 6. c4 Nbd7 7. Be2 b6 8. Nc3
Bb7 9. Qc2 e5 10. O-O Qe7 11. b4 a5 12. a3 Ne8 13. Nd5 Bxd5 14. cxd5 e4 15. Nd2
f5 16. Qc6 Nef6 17. Rfc1 Kh8 18. Qxc7 Nxd5 19. Qc6 N7f6 20. Nc4 Rac8 21. Qxd6
Rxc4 22. Qxe7 Rxc1+ 23. Rxc1 Nxe7 24. bxa5 bxa5 25. Rc7 Rb8 26. Bc1 Rc8 27.
Rxc8+ Nxc8 28. Bd2 Bf8 29. Ba6 Ne7 30. Bxa5 Nc6 31. Bc3 Nd5 32. Bb2 Bd6 33. g3
Kg7 34. Bb7 Nce7 35. Kf1 Kf7 36. Ke2 Ke6 37. Kd1 g5 38. Ba6 f4 39. gxf4 gxf4
40. exf4 Bxf4 41. h3 Bd6 42. Bb7 Kf5 43. Ke2 Nf4+ 44. Ke3 Ned5+ 45. Kd2 Nb6 46.
Bc1 Nxh3 47. f3 Bf4+ 48. Kd1 exf3 49. Bxf3 Nf2+ 50. Kc2 Bd6 51. Kb3 Nd3 52. Bd2
Bxa3 53. Ba5 Nc1+ 54. Kxa3 Nc4+ 1/2-1/2

[Event "Clasificatorio al Mayor 2012"]
[Site "Asuncion"]
[Date "2012.04.14"]
[Round "2.4"]
[White "Rivas, Jose"]
[Black "Ibanez, Juan"]
[Result "0-1"]
[WhiteElo "1772"]
[BlackElo "1925"]
[PlyCount "78"]
[EventDate "2012.04.13"]

1. e4 c5 2. Nf3 a6 3. c3 d5 4. h3 dxe4 5. Qa4+ Nc6 6. Qxe4 Nf6 7. Qc2 e5 8. d3
Bf5 9. Nbd2 Be7 10. Be2 O-O 11. O-O Qd7 12. Ne4 Rad8 13. Be3 b6 14. Nfd2 Nd5
15. Bg5 Bxg5 16. Nxg5 h6 17. Nge4 Nf4 18. Nc4 Bxh3 19. gxh3 Qxh3 20. Ne3 f5 21.
Ng3 Rd6 22. Bf3 h5 23. Ng2 h4 24. Nxf4 exf4 25. Bg2 Qg4 26. Qe2 hxg3 27. Qxg4
fxg4 28. fxg3 f3 29. Bh1 Rxd3 30. Rae1 Rf6 31. Re4 Rg6 32. Rfe1 Rd2 33. Kf1 Rh6
34. Bxf3 gxf3 35. Rh4 Rxh4 36. gxh4 Rxb2 37. Re6 Na5 38. Re8+ Kf7 39. Ra8 Nc4
0-1

[Event "Clasificatorio al Mayor 2012"]
[Site "Asuncion"]
[Date "2012.04.14"]
[Round "2.5"]
[White "Penayo, Nicolas"]
[Black "Rubiani, Oscar"]
[Result "1-0"]
[WhiteElo "1911"]
[BlackElo "1796"]
[PlyCount "89"]
[EventDate "2012.04.13"]

1. e4 c5 2. Nc3 e6 3. f4 Nc6 4. Nf3 d5 5. Bb5 Nge7 6. O-O a6 7. Bxc6+ Nxc6 8.
d3 Be7 9. e5 d4 10. Ne4 b5 11. Nfg5 g6 12. Qe1 Nb4 13. Qf2 Bb7 14. a3 Nd5 15.
Kh1 h6 16. Qh4 Kf8 17. Qh3 Kg7 18. Nf3 c4 19. g4 f5 20. exf6+ Nxf6 21. Ng3 h5
22. gxh5 Nxh5 23. Ne4 Qd5 24. Qg2 Raf8 25. Rg1 Rf6 26. Ne5 Rh6 27. Ng4 cxd3 28.
cxd3 Rh8 29. Ngxf6 Bxf6 30. Qxg6+ Kf8 31. Bd2 Qf5 32. Bb4+ Be7 33. Bxe7+ Kxe7
34. Rac1 Kd7 35. Qg2 Bd5 36. Qc2 Qxf4 37. Qg2 Rh7 38. Qg8 Bxe4+ 39. dxe4 Qxe4+
40. Rg2 Nf4 41. Qc8+ Ke7 42. Rc7+ Kd6 43. Qd8+ Ke5 44. Qg5+ Kd6 45. Qc5# 1-0

[Event "Clasificatorio al Mayor 2012"]
[Site "Asuncion"]
[Date "2012.04.14"]
[Round "2.6"]
[White "Herrero, Juan Luis"]
[Black "Uribe, Gabriel"]
[Result "1/2-1/2"]
[WhiteElo "1441"]
[BlackElo "1953"]
[PlyCount "86"]
[EventDate "2012.04.13"]

1. e4 d5 2. exd5 Qxd5 3. Nc3 Qa5 4. d4 Nf6 5. Bd2 c6 6. Nf3 Bf5 7. Bc4 e6 8.
O-O Bb4 9. a3 Bxc3 10. Bxc3 Qc7 11. Ne5 Nbd7 12. Re1 Nxe5 13. dxe5 Nd5 14. Bxd5
cxd5 15. Qd2 O-O 16. Bb4 Rfc8 17. c3 Qd8 18. Re3 Rc4 19. Rg3 Rg4 20. Rxg4 Bxg4
21. Re1 Rc8 22. h3 Bf5 23. Re3 Qg5 24. Rd3 Qh5 25. Rg3 Rc4 26. f3 h6 27. b3 Rc8
28. Qd4 Bg6 29. Rg4 b6 30. a4 Qf5 31. a5 Qb1+ 32. Kh2 Qxb3 33. axb6 axb6 34.
Qxb6 Kh7 35. Qa6 Rc4 36. Rxc4 dxc4 37. Qc8 Qa2 38. Qc5 Qe2 39. Qd4 Bd3 40. Qf4
Qa2 41. h4 Bg6 42. Bc5 Qe2 43. Bd4 h5 1/2-1/2

[Event "Clasificatorio al Mayor 2012"]
[Site "Asuncion"]
[Date "2012.04.14"]
[Round "2.7"]
[White "Saldana, Fernando Javier"]
[Black "Roman, Rodrigo"]
[Result "0-1"]
[WhiteElo "1717"]
[BlackElo "2053"]
[PlyCount "66"]
[EventDate "2012.04.13"]

1. Nf3 Nf6 2. c4 e6 3. g3 a6 4. Bg2 Be7 5. b3 b5 6. Nd4 c6 7. cxb5 Qb6 8. Bb2
axb5 9. O-O O-O 10. d3 d5 11. Nd2 Bb7 12. N2f3 c5 13. Nc2 Nc6 14. Ne5 Nxe5 15.
Bxe5 b4 16. Qd2 Nd7 17. Bb2 d4 18. Bxb7 Qxb7 19. Rfb1 Qd5 20. Ne1 f5 21. Qc2 f4
22. Nf3 g5 23. Nd2 Nf6 24. Ne4 Nxe4 25. dxe4 Qe5 26. Qd3 g4 27. e3 fxg3 28.
fxg3 Rf3 29. exd4 cxd4 30. Qe2 Bc5 31. Kg2 Raf8 32. Rf1 d3 33. Qd2 Rf2+ 0-1

[Event "Clasificatorio al Mayor 2012"]
[Site "Asuncion"]
[Date "2012.04.14"]
[Round "2.8"]
[White "Benitez Irazusta, Eduardo"]
[Black "Florentin, Damaso"]
[Result "1-0"]
[WhiteElo "1660"]
[BlackElo "1852"]
[PlyCount "97"]
[EventDate "2012.04.13"]

1. Nf3 Nf6 2. c4 e6 3. Nc3 Bb4 4. g3 O-O 5. Bg2 d5 6. cxd5 exd5 7. a3 Ba5 8. b4
Bb6 9. d4 c6 10. O-O Bg4 11. Ne5 Bh5 12. Bg5 h6 13. Bf4 Nbd7 14. Qd2 Nxe5 15.
Bxe5 Nd7 16. Bd6 Re8 17. e4 Nf6 18. e5 Nh7 19. Kh1 Qd7 20. f4 f5 21. Bf3 Bf7
22. Rae1 Be6 23. a4 Kh8 24. Re2 g5 25. fxg5 hxg5 26. Ref2 Bd8 27. Bd1 Be7 28.
Bxe7 Rxe7 29. Bc2 Rf7 30. Nd1 Raf8 31. Nb2 f4 32. gxf4 Bh3 33. f5 Bxf1 34. Rxf1
Rxf5 35. Bxf5 Rxf5 36. Rxf5 Qxf5 37. Qd3 Qf2 38. Nd1 Qe1+ 39. Kg2 Qxb4 40. Ne3
Qe7 41. Qg6 Nf8 42. Qh6+ Qh7 43. Qxf8+ Qg8 44. Qh6+ Qh7 45. Qxg5 Qe4+ 46. Kh3
Qxd4 47. e6 Qe4 48. e7 d4 49. Qh5+ 1-0

[Event "Clasificatorio al Mayor 2012"]
[Site "Asuncion"]
[Date "2012.04.14"]
[Round "2.9"]
[White "Salinas, Victor"]
[Black "Ogdon, Ricardo"]
[Result "1-0"]
[WhiteElo "1648"]
[BlackElo "1753"]
[PlyCount "65"]
[EventDate "2012.04.13"]

1. d4 Nf6 2. Nf3 d5 3. Bf4 e6 4. e3 c5 5. c3 Nc6 6. Bd3 cxd4 7. exd4 Bd6 8. Ne5
Bxe5 9. dxe5 Nd7 10. Bb5 a6 11. Bxc6 bxc6 12. O-O Qc7 13. Re1 O-O 14. Qg4 f5
15. exf6 Nxf6 16. Qg3 Qf7 17. Bd6 Ne4 18. Rxe4 dxe4 19. Bxf8 Qxf8 20. Nd2 Qe7
21. Nxe4 Bb7 22. Qg5 Qxg5 23. Nxg5 Re8 24. Re1 e5 25. Ne4 Re7 26. Nc5 Kf7 27.
b3 Bc8 28. f3 h5 29. Rd1 a5 30. Ne4 Rd7 31. Rxd7+ Bxd7 32. Kf2 g6 33. Nd6+ 1-0

[Event "Clasificatorio al Mayor 2012"]
[Site "Asuncion"]
[Date "2012.04.14"]
[Round "2.10"]
[White "Torres, Mauricio"]
[Black "Heinechen, Juan"]
[Result "1/2-1/2"]
[WhiteElo "1750"]
[BlackElo "1447"]
[PlyCount "40"]
[EventDate "2012.04.13"]

1. e4 c5 2. Nc3 e6 3. g3 a6 4. Bg2 b5 5. f4 Bb7 6. Nf3 b4 7. Ne2 d5 8. e5 h5 9.
d3 Nh6 10. c3 a5 11. O-O Be7 12. h4 Ng4 13. Bh3 Nh6 14. Ng5 g6 15. d4 Qb6 16.
Be3 Ba6 17. Rf2 Nf5 18. Bxf5 gxf5 19. Kh2 Bxe2 20. Rxe2 c4 1/2-1/2

[Event "Clasificatorio al Mayor 2012"]
[Site "Asuncion"]
[Date "2012.04.15"]
[Round "3.1"]
[White "Ibanez, Juan"]
[Black "Morales, Ever"]
[Result "1/2-1/2"]
[WhiteElo "1925"]
[BlackElo "1954"]
[PlyCount "261"]
[EventDate "2012.04.13"]

1. e4 c5 2. Nf3 d6 3. d4 cxd4 4. Nxd4 Nf6 5. Nc3 g6 6. f3 Nc6 7. Bc4 Bg7 8. Be3
O-O 9. Qd2 Bd7 10. O-O-O Ne5 11. Bb3 a5 12. a4 Rc8 13. g4 Bxg4 14. fxg4 Nexg4
15. Nde2 Nxe3 16. Qxe3 Ng4 17. Qg3 Ne5 18. Rhg1 Rc5 19. Rd5 e6 20. Rxc5 dxc5
21. Ba2 Qf6 22. Rd1 Nf3 23. Kb1 Ng5 24. Qe3 Nf3 25. Qxc5 Nxh2 26. Nc1 h5 27.
Nd3 Ng4 28. Re1 Qd8 29. e5 b6 30. Qg1 Qa8 31. Nb5 Rd8 32. Nd4 Rd7 33. Nxe6 Qc6
34. Nxg7 Kxg7 35. e6 fxe6 36. Rxe6 Qf3 37. Rxg6+ Kh7 38. Bg8+ Kh8 39. Bb3 Re7
40. Rg8+ Kh7 41. Qd4 Nf6 42. Rg1 Ng4 43. Qd8 Rg7 44. Bd5 Qf5 45. Re1 Nf6 46.
Be6 Qf3 47. Qc8 Rg5 48. Bb3 Rg7 49. Be6 Rg5 50. Qc7+ Rg7 51. Qxb6 h4 52. Qf2
Qxf2 53. Nxf2 Rg2 54. Nh3 Kg7 55. Rg1 Rg3 56. Kc1 Ne4 57. Rxg3+ hxg3 58. Kd1
Nc5 59. Bb3 Kf6 60. Ke2 Ke5 61. Ke3 Ne4 62. c3 Nc5 63. Bd1 Kd5 64. b4 axb4 65.
cxb4 Na6 66. Bb3+ Kd6 67. b5 Nc5 68. Bc2 Nb7 69. Kf3 Kc5 70. Kxg3 Nd6 71. Bd3
Kb4 72. Nf4 Kxa4 73. b6 Kb4 74. Ba6 Ne4+ 75. Kf3 Nc5 76. Bc8 Kb5 77. b7 Na6 78.
Nd5 Kc5 79. Ke4 Kd6 80. Kd4 Nb8 81. Kc4 Nc6 82. Nb4 Na5+ 83. Kb5 Nxb7 84. Bxb7
Ke5 85. Kc5 Ke6 86. Kd4 Kf5 87. Nd5 Ke6 88. Bc8+ Kd6 89. Bf5 Kc6 90. Nf6 Kb5
91. Be6 Kb4 92. Ne4 Kb5 93. Bd5 Kb4 94. Nc3 Ka3 95. Nd1 Kb4 96. Bc4 Ka5 97. Kc5
Ka4 98. Nb2+ Ka3 99. Nd3 Ka4 100. Bd5 Ka3 101. Kc4 Ka2 102. Bc6 Ka3 103. Bb5
Ka2 104. Kb4 Kb1 105. Ba4 Ka2 106. Bb3+ Kb1 107. Nc5 Kb2 108. Na4+ Kb1 109. Kc3
Ka1 110. Nb2 Kb1 111. Nd3 Ka1 112. Kb4 Kb1 113. Bd1 Ka2 114. Ka4 Kb1 115. Ka3
Ka1 116. Bb3 Kb1 117. Ne5 Kc1 118. Ba2 Kd2 119. Kb3 Ke3 120. Kc3 Kf4 121. Nd7
Ke4 122. Be6 Kf4 123. Kd4 Kg5 124. Ke5 Kg6 125. Kd6 Kg5 126. Ke5 Kg6 127. Kf4
Kh5 128. Kf5 Kh6 129. Kf6 Kh7 130. Bf7 Kh6 131. Nf8 1/2-1/2

[Event "Clasificatorio al Mayor 2012"]
[Site "Asuncion"]
[Date "2012.04.15"]
[Round "3.2"]
[White "Diaz, Fernando"]
[Black "Penayo, Nicolas"]
[Result "1-0"]
[WhiteElo "2035"]
[BlackElo "1911"]
[PlyCount "49"]
[EventDate "2012.04.13"]

1. e4 d6 2. d4 Nf6 3. Nc3 g6 4. f3 Bg7 5. Be3 O-O 6. Qd2 Na6 7. Bxa6 bxa6 8.
Nge2 Rb8 9. Rb1 Re8 10. Bh6 Bh8 11. h4 e5 12. d5 Bd7 13. Bg5 c6 14. h5 cxd5 15.
Nxd5 Bc6 16. Nec3 Re6 17. hxg6 fxg6 18. Qf2 Qa5 19. Qh4 Bxd5 20. exd5 Qxc3+ 21.
bxc3 Rxb1+ 22. Kd2 Rxh1 23. Qxh1 Nxd5 24. Qh3 Re8 25. Qd7 1-0

[Event "Clasificatorio al Mayor 2012"]
[Site "Asuncion"]
[Date "2012.04.15"]
[Round "3.4"]
[White "Heinechen, John"]
[Black "Herrero, Juan Luis"]
[Result "1-0"]
[WhiteElo "1814"]
[BlackElo "1441"]
[PlyCount "87"]
[EventDate "2012.04.13"]

1. e4 c6 2. Nc3 d5 3. Nf3 Bg4 4. h3 Bxf3 5. Qxf3 e6 6. g3 Bd6 7. Bg2 Ne7 8. O-O
Nd7 9. d3 Qc7 10. Qe2 e5 11. exd5 cxd5 12. Nxd5 Nxd5 13. Bxd5 O-O 14. Be3 Nf6
15. Bg2 e4 16. dxe4 Rfe8 17. Bg5 Be7 18. f4 Bc5+ 19. Kh2 Qe7 20. Bxf6 Qxf6 21.
Qb5 Qb6 22. Qxb6 Bxb6 23. Rad1 Re7 24. Rd3 f6 25. Rfd1 Rc8 26. c3 Rcc7 27. e5
fxe5 28. Rd8+ Kf7 29. Bd5+ Kg6 30. Rd6+ Kf5 31. Bb3 Rc5 32. Bc2+ e4 33. b4 Rb5
34. a4 Bc7 35. axb5 Bxd6 36. Rxd6 g5 37. Rd5+ Kf6 38. fxg5+ Kg7 39. Kg1 e3 40.
Kf1 e2+ 41. Ke1 Re3 42. Rd7+ Kf8 43. Rd3 Re5 44. h4 1-0

[Event "Clasificatorio al Mayor 2012"]
[Site "Asuncion"]
[Date "2012.04.15"]
[Round "3.5"]
[White "Roman, Rodrigo"]
[Black "Benitez Irazusta, Eduardo"]
[Result "1-0"]
[WhiteElo "2053"]
[BlackElo "1660"]
[PlyCount "105"]
[EventDate "2012.04.13"]

1. e4 c5 2. Nf3 Nc6 3. c3 e6 4. d4 d5 5. e5 Nge7 6. Bd3 Ng6 7. h4 Be7 8. h5 Nf8
9. h6 g6 10. Be3 Qb6 11. Qd2 Nd7 12. O-O a6 13. Be2 cxd4 14. cxd4 f5 15. exf6
Nxf6 16. Nc3 Bd7 17. Ne5 Rc8 18. Rac1 Bb4 19. Nxd7 Kxd7 20. Qd3 Rhf8 21. Bf3
Bd6 22. Na4 Qd8 23. Bg5 b5 24. Nc5+ Bxc5 25. Rxc5 Qb6 26. Rfc1 Ng8 27. Bg4 Nge7
28. Qa3 Rf7 29. Qe3 Nf5 30. Bxf5 Rxf5 31. Re1 Na7 32. g4 Rf7 33. b4 Qd6 34. Kg2
Rc6 35. Rec1 Qf8 36. Bh4 Rxc5 37. Rxc5 Nc6 38. Bg3 Qa8 39. Bh2 Qf8 40. Qg3 Nd8
41. Qh4 Ke8 42. Rc8 g5 43. Qh5 Kd7 44. Rc7+ Ke8 45. a3 a5 46. Rc5 axb4 47. axb4
Kd7 48. Bg3 Nc6 49. Qxg5 Qa8 50. Qc1 Rf8 51. Rxb5 Qa6 52. Qc5 Nxd4 53. Qc7+ 1-0

[Event "Clasificatorio al Mayor 2012"]
[Site "Asuncion"]
[Date "2012.04.15"]
[Round "3.6"]
[White "Rubiani, Oscar"]
[Black "Recalde, Ariel"]
[Result "1/2-1/2"]
[WhiteElo "1796"]
[BlackElo "1980"]
[PlyCount "20"]
[EventDate "2012.04.13"]

1. e4 c5 2. Nf3 d6 3. d4 cxd4 4. Nxd4 Nf6 5. Nc3 a6 6. Bg5 e6 7. f4 Be7 8. Qf3
Nc6 9. Nxc6 bxc6 10. e5 Nd5 1/2-1/2

[Event "Clasificatorio al Mayor 2012"]
[Site "Asuncion"]
[Date "2012.04.15"]
[Round "3.7"]
[White "Uribe, Gabriel"]
[Black "Rivas, Jose"]
[Result "0-1"]
[WhiteElo "1953"]
[BlackElo "1772"]
[PlyCount "54"]
[EventDate "2012.04.13"]

1. d4 Nf6 2. Nf3 g6 3. Bf4 Bg7 4. e3 O-O 5. h3 d6 6. Be2 Nh5 7. Bh2 c5 8. c3
cxd4 9. exd4 Qb6 10. Qc1 Nc6 11. g4 Nf6 12. Nbd2 Be6 13. Rg1 Rac8 14. Qb1 Na5
15. Ng5 Nc4 16. Nxc4 Bxc4 17. Qc2 Bd5 18. Qd2 h6 19. Nf3 Ne4 20. Qc1 e5 21.
dxe5 Qxf2+ 22. Kd1 Nxc3+ 23. bxc3 Bxf3 24. Bxf3 Qxf3+ 25. Ke1 Rxc3 26. Qf4 Re3+
27. Kd2 Qe2+ 0-1

[Event "Clasificatorio al Mayor 2012"]
[Site "Asuncion"]
[Date "2012.04.15"]
[Round "3.8"]
[White "Cubilla, Walter"]
[Black "Salinas, Victor"]
[Result "0-1"]
[WhiteElo "1862"]
[BlackElo "1648"]
[PlyCount "80"]
[EventDate "2012.04.13"]

1. e4 c5 2. Nf3 e6 3. c3 d5 4. exd5 exd5 5. d4 c4 6. Be2 Nf6 7. O-O Bd6 8. Bg5
h6 9. Bh4 O-O 10. Re1 Bg4 11. Nbd2 Nbd7 12. Nf1 Qc7 13. Bg3 Rfe8 14. Ne3 Bxg3
15. hxg3 Rxe3 16. fxe3 Qxg3 17. Nh2 Bh3 18. Bf3 Ne4 19. Bxe4 dxe4 20. Qe2 Nf6
21. Qf2 Qg6 22. Kh1 Be6 23. a4 Rd8 24. Nf1 Rd5 25. Ng3 Rg5 26. Ne2 Ng4 27. Qg3
Qh5+ 28. Kg1 Qg6 29. Nf4 Qf6 30. Rf1 Qe7 31. Nxe6 Qxe6 32. a5 Qg6 33. Ra4 Nxe3
34. Qxe3 Rxg2+ 35. Kh1 Rg3 36. Qxg3 Qxg3 37. Rxc4 e3 38. Rc8+ Kh7 39. Re8 f5
40. d5 f4 0-1

[Event "Clasificatorio al Mayor 2012"]
[Site "Asuncion"]
[Date "2012.04.15"]
[Round "3.9"]
[White "Lopez, Francisco"]
[Black "Torres, Mauricio"]
[Result "1/2-1/2"]
[WhiteElo "1708"]
[BlackElo "1750"]
[PlyCount "43"]
[EventDate "2012.04.13"]

1. c4 Nf6 2. Nf3 g6 3. Nc3 Bg7 4. g3 O-O 5. Bg2 d6 6. O-O c6 7. d4 Nbd7 8. Re1
a5 9. a4 Qc7 10. Rb1 Rd8 11. b3 e5 12. Ba3 Nf8 13. e4 Bg4 14. d5 c5 15. Bc1 h6
16. h3 Bd7 17. Be3 Qc8 18. Kh2 g5 19. Ng1 Ng6 20. Qd2 Re8 21. f3 Qd8 22. Nge2
1/2-1/2

[Event "Clasificatorio al Mayor 2012"]
[Site "Asuncion"]
[Date "2012.04.15"]
[Round "3.11"]
[White "Heinechen, Juan"]
[Black "Saldana, Fernando Javier"]
[Result "1-0"]
[WhiteElo "1447"]
[BlackElo "1717"]
[PlyCount "99"]
[EventDate "2012.04.13"]

1. e4 c5 2. Nf3 d6 3. d4 cxd4 4. Nxd4 Nf6 5. Nc3 g6 6. Be3 Bg7 7. f3 Nc6 8. Nb3
Bd7 9. Qd2 Rc8 10. g4 Ne5 11. Be2 a6 12. h4 h5 13. g5 Nh7 14. Nd5 Nc4 15. Bxc4
Rxc4 16. Na5 b5 17. Nxc4 bxc4 18. c3 O-O 19. Bb6 Qe8 20. Bd4 e5 21. Be3 Qb8 22.
Rd1 Re8 23. Nb6 Be6 24. Qxd6 Qb7 25. Qb4 Bf8 26. Qa4 Rb8 27. Rh2 Qc7 28. Qxa6
Bc5 29. Nxc4 Be7 30. Na5 Rxb2 31. Rxb2 Qxc3+ 32. Rdd2 Qxe3+ 33. Qe2 Qg1+ 34.
Qf1 Qe3+ 35. Kd1 Qc3 36. Nb3 Bc4 37. Qf2 Nf8 38. Rdc2 Qd3+ 39. Nd2 Bb5 40. Rc8
Ba3 41. Rb1 Kg7 42. Ra8 Bc6 43. Rb3 Qd7 44. Raxa3 Ne6 45. Qa7 Qd6 46. Rd3 Qb4
47. Qa5 Qe7 48. Qxe5+ Kh7 49. f4 Qb4 50. f5 1-0

[Event "Clasificatorio al Mayor 2012"]
[Site "Asuncion"]
[Date "2012.04.13"]
[Round "1.1"]
[White "Roman, Rodrigo"]
[Black "Rivas, Jose"]
[Result "0-1"]
[WhiteElo "2053"]
[BlackElo "1772"]
[PlyCount "86"]
[EventDate "2012.04.13"]

1. e4 e5 2. Nf3 Nc6 3. Bb5 a6 4. Ba4 b5 5. Bb3 Nf6 6. O-O Bc5 7. a4 Bb7 8. c3
d6 9. d4 Bb6 10. Qe2 bxa4 11. Bxa4 O-O 12. d5 Ne7 13. Nbd2 a5 14. Bc2 Ng6 15.
Nc4 Ba6 16. Bd3 Bxc4 17. Bxc4 h6 18. Bb5 Nf4 19. Bxf4 exf4 20. Nd4 Nh7 21. Nf5
g6 22. Nxh6+ Kg7 23. Ng4 f5 24. exf5 gxf5 25. Ne5 dxe5 26. Qxe5+ Qf6 27. Qxf4
Ng5 28. Bc6 Rad8 29. Rae1 Qg6 30. Kh1 Ne4 31. g3 Rh8 32. Kg2 Qh5 33. h4 Rhf8
34. f3 Nf6 35. Re5 Kg6 36. g4 Qxh4 37. Qxf5+ Kg7 38. g5 Nxd5 39. Re7+ Nxe7 40.
Qe5+ Kg8 41. Qe2 Qxg5+ 42. Kh1 Rf7 43. Be4 Rd2 0-1

[Event "Clasificatorio al Mayor 2012"]
[Site "Asuncion"]
[Date "2012.04.13"]
[Round "1.2"]
[White "Ogdon, Ricardo"]
[Black "Diaz, Fernando"]
[Result "0-1"]
[WhiteElo "1753"]
[BlackElo "2035"]
[PlyCount "74"]
[EventDate "2012.04.13"]

1. d4 Nf6 2. c4 e6 3. Nc3 Bb4 4. Qc2 Bxc3+ 5. bxc3 d5 6. Bg5 Nbd7 7. Nf3 c5 8.
cxd5 exd5 9. e3 O-O 10. Be2 Qa5 11. O-O c4 12. Bxf6 Nxf6 13. h3 Qa3 14. Nd2 Bd7
15. e4 Ba4 16. Qc1 Qxc1 17. Raxc1 Rfe8 18. e5 Nd7 19. Bd1 Bxd1 20. Rfxd1 Nb6
21. Nf1 Na4 22. Ne3 Red8 23. Rd2 b5 24. Nd1 a5 25. Nb2 Nb6 26. a3 Rdc8 27. a4
b4 28. Re2 Rab8 29. cxb4 axb4 30. a5 Nd7 31. e6 fxe6 32. Rxe6 Kf7 33. Rd6 Ke7
34. Rxd5 Ke6 35. Rxd7 Kxd7 36. Nxc4 b3 37. Ne5+ Kd6 0-1

[Event "Clasificatorio al Mayor 2012"]
[Site "Asuncion"]
[Date "2012.04.13"]
[Round "1.3"]
[White "Recalde, Ariel"]
[Black "Torres, Mauricio"]
[Result "1-0"]
[WhiteElo "1980"]
[BlackElo "1750"]
[PlyCount "75"]
[EventDate "2012.04.13"]

1. c4 Nf6 2. Nc3 g6 3. e4 d6 4. d4 Bg7 5. Be2 O-O 6. Nf3 c5 7. d5 e5 8. Rb1
Nbd7 9. O-O Ne8 10. b4 b6 11. a3 f5 12. Ng5 Ndf6 13. bxc5 bxc5 14. Ne6 Bxe6 15.
dxe6 Qe7 16. Bf3 f4 17. Nd5 Qxe6 18. Rb7 Nxd5 19. cxd5 Qc8 20. Qb3 Nf6 21. Bd2
Rb8 22. Rb1 Rxb7 23. Qxb7 Qxb7 24. Rxb7 Rf7 25. Rb8+ Bf8 26. a4 Nd7 27. Rd8 Nf6
28. Rb8 Kg7 29. a5 g5 30. g4 fxg3 31. hxg3 h6 32. Bg2 g4 33. a6 Kg6 34. Ba5 h5
35. Rb7 Ne8 36. Bf1 Nf6 37. Bb6 Nxe4 38. Bd3 1-0

[Event "Clasificatorio al Mayor 2012"]
[Site "Asuncion"]
[Date "2012.04.13"]
[Round "1.4"]
[White "Riva, Eric"]
[Black "Morales, Ever"]
[Result "0-1"]
[WhiteElo "1738"]
[BlackElo "1954"]
[PlyCount "124"]
[EventDate "2012.04.13"]

1. Nf3 b5 2. e3 a6 3. b3 Nf6 4. Bb2 e6 5. Be2 Be7 6. d3 Bb7 7. Nbd2 d6 8. c4
Nbd7 9. Qc2 c5 10. Rc1 Rc8 11. Qb1 Rc7 12. d4 b4 13. Bd3 Qa8 14. Qc2 O-O 15.
O-O Rfc8 16. Qd1 h6 17. Qe2 a5 18. a4 bxa3 19. Bxa3 Bf8 20. Ra1 d5 21. cxd5
Nxd5 22. Rfc1 cxd4 23. Rxc7 Rxc7 24. Bxf8 Kxf8 25. exd4 Rc3 26. Bc4 Nf4 27. Qd1
Nb6 28. Rc1 Rxc1 29. Qxc1 Nxc4 30. Qxc4 Bd5 31. Qb5 Kg8 32. Qc5 g5 33. Qc7 Bxf3
34. Nxf3 Qe4 35. Qb8+ Kh7 36. Qe5 Qb1+ 37. Ne1 Qxb3 38. h4 Qd5 39. Qe3 Qxd4 40.
hxg5 hxg5 41. Qa3 Qd2 42. Nf3 Qd5 43. Qf8 Qf5 44. Nxg5+ Qxg5 45. Qxf7+ Kh6 46.
Qf8+ Kg6 47. Qg8+ Kf5 48. Qf8+ Ke4 49. f3+ Kd4 50. Qd6+ Kc4 51. Qa6+ Qb5 52.
Qa8 Ne2+ 53. Kf2 Nd4 54. Qc8+ Kb4 55. Qf8+ Ka4 56. g4 Qe2+ 57. Kg3 Qe5+ 58. Kh4
Kb3 59. f4 Nf3+ 60. Kg3 Qc3 61. Qb8+ Kc2 62. Qa8 Qe1+ 0-1

[Event "Clasificatorio al Mayor 2012"]
[Site "Asuncion"]
[Date "2012.04.13"]
[Round "1.5"]
[White "Uribe, Gabriel"]
[Black "Saldana, Fernando Javier"]
[Result "1/2-1/2"]
[WhiteElo "1953"]
[BlackElo "1717"]
[PlyCount "87"]
[EventDate "2012.04.13"]

1. d4 f5 2. e4 fxe4 3. Nc3 Nf6 4. Bg5 g6 5. Bxf6 exf6 6. Nxe4 Bg7 7. Nf3 Qe7 8.
Qe2 d5 9. Ned2 Bg4 10. O-O-O Qxe2 11. Bxe2 O-O 12. Rhe1 Nc6 13. c3 Rfe8 14. h3
Bd7 15. Bd3 Rxe1 16. Rxe1 Re8 17. Nf1 Rxe1+ 18. Nxe1 Ne7 19. Kd1 Kf7 20. Ne3 c6
21. Ke2 Nc8 22. Nf3 Nd6 23. Nd2 b6 24. h4 h5 25. g3 Be6 26. b4 Bf8 27. Ng2 Bf5
28. Bxf5 Nxf5 29. Nb3 Nd6 30. f3 Nc4 31. Ne3 Nd6 32. a4 Ke6 33. Nc1 Bh6 34. Nd3
Bf8 35. Nf4+ Kf7 36. g4 hxg4 37. fxg4 Bh6 38. Nfg2 Ne4 39. Kd3 Nf2+ 40. Ke2 Ne4
41. Kd3 Nf2+ 42. Ke2 Ne4 43. Kd3 Nf2+ 44. Ke2 1/2-1/2

[Event "Clasificatorio al Mayor 2012"]
[Site "Asuncion"]
[Date "2012.04.13"]
[Round "1.6"]
[White "Lopez, Francisco"]
[Black "Lopez, Fernando"]
[Result "0-1"]
[WhiteElo "1708"]
[BlackElo "1949"]
[PlyCount "138"]
[EventDate "2012.04.13"]

1. c4 e5 2. Nc3 Nf6 3. g3 d5 4. cxd5 Nxd5 5. Bg2 Nb6 6. Nf3 Nc6 7. O-O Be7 8.
a3 a5 9. d3 O-O 10. Bd2 Be6 11. Rc1 f5 12. Ne1 a4 13. Bxc6 bxc6 14. f4 Bb3 15.
Nc2 Nd5 16. Qe1 Bc5+ 17. Kh1 Nxc3 18. Bxc3 Qd5+ 19. e4 Qxd3 20. Nb4 Bxb4 21.
Bxb4 Rfe8 22. Rc3 Qd7 23. Qf2 exf4 24. Qxf4 Rxe4 25. Qxf5 Qxf5 26. Rxf5 Bd5 27.
Kg1 Re1+ 28. Rf1 Re2 29. Rf2 Rae8 30. Rc1 h6 31. Rcf1 Kh7 32. Rxe2 Rxe2 33. Rf2
Re4 34. Rd2 g5 35. Kf2 Kg6 36. Re2 Rc4 37. Bc3 Be4 38. Rd2 Rc5 39. Ke3 Bf5 40.
Bd4 Rd5 41. Bc3 Kh5 42. Bg7 Rd6 43. Bc3 Kg4 44. Kf2 Kh3 45. Kg1 Re6 46. Rf2 Bd3
47. Ba5 Bc4 48. Bc3 Re3 49. Ba5 Rd3 50. Rd2 Re3 51. Rf2 Bb5 52. Bc3 Bc4 53. Ba5
Bd5 54. Bc3 c5 55. Ba5 c6 56. Bc3 Rd3 57. Rd2 Rf3 58. Rf2 Re3 59. Ba5 h5 60.
Bc3 Rd3 61. Rd2 Re3 62. Rf2 Re4 63. Ba5 Bc4 64. Bc3 h4 65. Rf3 g4 66. Rf4 Re2
67. Rf2 Re3 68. Ba5 hxg3 69. Rc2 Rf3 0-1

[Event "Clasificatorio al Mayor 2012"]
[Site "Asuncion"]
[Date "2012.04.13"]
[Round "1.8"]
[White "Benitez Irazusta, Eduardo"]
[Black "Penayo, Nicolas"]
[Result "0-1"]
[WhiteElo "1660"]
[BlackElo "1911"]
[PlyCount "50"]
[EventDate "2012.04.13"]

1. Nf3 e6 2. e4 c5 3. c4 Nc6 4. Nc3 g6 5. d4 cxd4 6. Nxd4 Bg7 7. Be3 a6 8. Be2
Nge7 9. O-O O-O 10. Rc1 b6 11. f4 Bb7 12. Bf3 e5 13. Nde2 exf4 14. Nxf4 Ne5 15.
b3 Nxf3+ 16. Qxf3 Nf5 17. Nfd5 Nxe3 18. Qxe3 b5 19. cxb5 axb5 20. Nxb5 Rxa2 21.
Nb4 Rb2 22. Nd6 Qa5 23. Nd5 Bxd5 24. exd5 Qxd5 25. Rcd1 Qxg2# 0-1